000 00566nam a22001937a 4500
005 20251108172904.0
008 250721s2000 xx 000 0 ara d
020 _a9772714507
082 1 4 _a634.8/حسي
100 1 _aالحسيني، محمد احمد
245 1 0 _aزراعة وانتاج العنب والفراولة /
264 1 _aالقاهرة :
_bمكتبة ابن سينا،
_c2000.
300 _a127 ص
490 0 _aالمرشد الزراعي في :
650 1 7 _aالزراعة
650 1 7 _aالعنب
942 _2ddc
_cBK
999 _c90986
_d90986